| 000 | 00926nam a22002777a 4500 | ||
|---|---|---|---|
| 999 |
_c29225 _d29196 |
||
| 003 | EG-ScBUE | ||
| 005 | 20210628130350.0 | ||
| 008 | 200219s2011 ua a f b 001 0 eng d | ||
| 020 | _a9775180082 | ||
| 040 |
_aEG-ScBUE _beng _erda _cEG-ScBUE _dEG-ScBUE |
||
| 082 | 0 | 4 |
_a660 _bAME _222 |
| 100 | 1 |
_aAmer, Mohamed, _eauthor. |
|
| 245 | 1 | 0 |
_aEngineering chemistry / _cDr. Mohamed Amer. |
| 250 | _aSecond edition. | ||
| 264 | 1 |
_a[Cairo] : _bArab Academy for Science & Technology & Maritime Transport, _c2011. |
|
| 300 |
_a389 pages : _billustrations ; _c24 cm |
||
| 336 |
_2rdacontent _atext _btxt |
||
| 337 |
_2rdamedia _aunmediated _bn |
||
| 338 |
_2rdacarrier _avolume _bnc |
||
| 504 | _aIncludes bibliographical references and index. | ||
| 650 | 7 |
_aChemical engineering. _2BUEsh |
|
| 650 | 7 |
_aScience _xStudy and teaching _xResearch. _2BUEsh |
|
| 653 |
_bENGCHE _cJune2021 |
||
| 655 |
_vReading book _934232 |
||
| 942 |
_2ddc _cBB |
||